Carregant...
| LEADER | 004930000a22001690004500 | ||
|---|---|---|---|
| 020 | |a 81 900069 3 2 | ||
| 082 | |a 331.11 M81 | ||
| 100 | |a Agarwal, Y P | ||
| 245 | |a Education and human resource development | ||
| 260 | |a New Delhi, Commonwealth | ||
| 260 | |c 1988 | ||
| 465 | |a R 330 | ||
| 650 | |a HRD | ||
| 650 | |a India | ||
| 942 | |c BK | ||
| 999 | |c 539 |d 539 | ||
| 952 | |0 0 |1 0 |4 0 |6 331_110000000000000_M81 |7 0 |8 ENG |9 329 |a MGUL |b MGUL |d 2013-07-16 |e R 330 |l 1 |o 331.11 M81 |p 06355 |r 2016-04-26 |s 2015-07-09 |w 2013-07-16 |y BK | ||